01348nam a2200265 i 4500001001000000003000900010005001700019007000300036008004100039020001800080040003000098082001300128245013100141264007100272300005300343336002700396337003300423338002800456500004900484504004200533505002100575505036200596700007400958700005001032000047856DO-SdBNP20240923094212.0ta180830e2011 dr ab ri 000 spa d a9789993467670 aDO-SdBNPbspacBNPHUerda 4bB311222 0aBasílica Catedral de Santo Domingo /ccoordinación y edición, José Chez Checo ; edición, Yovanni Céspedes Turbí  aSanto Domingo :bEditora Arzobispado de la Ciudad Colonial,c2011. a606 páginas :bilustraciones ; mapas ;c40 cm. atextobtxt2rdacontent asin mediaciónbn2rdamedia avolumenbnc2rdacarrier aFuentes de ilustraciones : páginas 589-598 aBibliografía : páginas 573-588 2 tPresentación.-2 aPresentación--tPrimera parte. Historia--tSegunda parte. Arquitectura de la Catedral--tTercera parte. Restauración--tCuarta parte. La Catedral, su polígono y sus colecciones de Arte--tQuinta parte. Marco Histórico de la Catedral Metropolitana 1504-2011--tFuentes: Documentos y bibliografía genearal--tFuentes de ilustraciones--tLos autores.1 aChez Checo, José,d1949-ecoordinación y edición.4coord. y ed.1 aCéspedes Turbí, Yovanni,eedición4ed.